Entropy : A new world view
में बचाया:
| मुख्य लेखक: | |
|---|---|
| स्वरूप: | पुस्तक |
| भाषा: | Undetermined |
| प्रकाशित: |
New York
The Viking Press
1980
|
| विषय: | |
| टैग : |
टैग जोड़ें
कोई टैग नहीं, इस रिकॉर्ड को टैग करने वाले पहले व्यक्ति बनें!
|
| Thư viện lưu trữ: | Trung tâm Học liệu Trường Đại học Cần Thơ |
|---|
| LEADER | 00483nam a2200193Ia 4500 | ||
|---|---|---|---|
| 001 | CTU_78350 | ||
| 008 | 210402s9999 xx 000 0 und d | ||
| 082 | |a 304.2 | ||
| 082 | |b R481 | ||
| 100 | |a Rifkin, Jeremy | ||
| 245 | 0 | |a Entropy : | |
| 245 | 2 | |b A new world view | |
| 245 | 0 | |c Jeremy Rifkin | |
| 260 | |a New York | ||
| 260 | |b The Viking Press | ||
| 260 | |c 1980 | ||
| 650 | |a Human ecology | ||
| 650 | |x Philosophy | ||
| 980 | |a Trung tâm Học liệu Trường Đại học Cần Thơ | ||